La formación del vendedor / (Record no. 117465)

MARC details
000 -LEADER
campo de control de longitud fija 00621nam a2200193 4500
001 - NÚMERO DE CONTROL
campo de control 117465
003 - IDENTIFICADOR DE NÚMERO DE CONTROL
campo de control ES-MaACL
005 - FECHA Y HORA DE LA ÚLTIMA TRANSACCIÓN
campo de control 20230906190917.0
007 - CAMPO FIJO DE DESCRIPCIÓN FÍSICA--INFORMACIÓN GENERAL
campo de control de longitud fija t|
008 - DATOS DE LONGITUD FIJA--INFORMACIÓN GENERAL
campo de control de longitud fija 070214s1962 sp r ||||1| spa d
100 1# - ENTRADA PRINCIPAL--NOMBRE DE PERSONA
Nombre de persona Pederson, Charlton A.
9 (RLIN) 89874
245 13 - MENCIÓN DEL TÍTULO
Título La formación del vendedor /
Mención de responsabilidad, etc. Charlton A. Pederson, Milburn D. Wright ; traductor Fernando Ruiz Gabás.
260 ## - PUBLICACIÓN, DISTRIBUCIÓN, ETC.
Lugar de publicación, distribución, etc. Barcelona :
Nombre del editor, distribuidor, etc. Hispano Europea,
Fecha de publicación, distribución, etc. 1962.
300 ## - DESCRIPCIÓN FÍSICA
Extensión XX, 739 p. :
Otras características físicas il ;
Dimensiones 21 cm.
700 1# - ENTRADA AGREGADA--NOMBRE PERSONAL
Nombre de persona Wright, D. Milburn.
9 (RLIN) 117404
710 00 - ENTRADA AGREGADA--NOMBRE DE ENTIDAD CORPORATIVA
Nombre de entidad corporativa o nombre de jurisdicción como elemento de entrada Ruiz Gabás, Fernando.
9 (RLIN) 218335
852 ## - LOCALIZACIÓN
Ubicación ES-MaACL
Número de control de estantería C-22024
Sublocalización o colección R.50708
Holdings
Estatus retirado Estado de pérdida Estado de daño No para préstamo Biblioteca de origen Biblioteca actual Ubicación en estantería Fecha de adquisición Fuente de adquisición Total de préstamos Signatura topográfica completa Código de barras Visto por última vez Precio de reemplazo Tipo de ítem Koha
        Biblioteca del Ateneo de Madrid Biblioteca del Ateneo de Madrid Galería 17/01/2008     C-22024 1122466 23/02/2023 23/02/2023 Libro impreso